000
00289pam a2200121 a 4500
020
_c
041
_h
082
_a
741.685
_b
PAG
245
_a
Letterhead and Business Card2
_h
Textual Documents
260
_a
[s.l]:
_b
page one Publishing ,
_c
2011.
300
_a
356:
_b
Hard.
930
_a
6000
999
_c
239790
_d
239790